000 005450000a22002050004500
003 LK-CoMWRAF
005 20230930224502.0
008 230817t ||||| |||| 00| 0 eng d
020 _a1558761098
040 _aLK-CoMWRAF
_dLK-CoMWRAF
_eLK-CoMWRAF
041 _aeng
082 _a297.72
_bPET
100 _aPeters, Rudolph
245 _aJihad in classical and modern Islam
260 _bMarkus wiener publication,
_c1996
300 _a204p
650 _aDoctrine of Jihad in Modern Islam
650 _aJihad an Introduction
942 _cBK
999 _c1664
_d1664